000 00394nam a22001217a 4500
999 _c511494
_d511494
020 _a9789382902676
082 _aB142x54 K277
100 _aSamantory, Ellina
_911313
245 _aUnpaid Work and Time Use Patterns Of Women in North East India :Special Reference To Tripura
260 _aNoida
_bV.V. Giri National Labour Institute
_c2019
300 _a106p.
650 _aWomen--Employment
_911527